| 000 | 00778nam a2200205 a 4500 | ||
|---|---|---|---|
| 003 | 0 | ||
| 005 | 20250318103837.0 | ||
| 008 | 071127s19uu xx 00 eng d | ||
| 050 |
_aPGS LB 1062.6.E46 _b.D364 2007 |
||
| 100 | _aDel Rosario, Kevin Lanz L. | ||
| 245 |
_aThe emotional intelligence quotient of grade 4 students / _cKevin Lanz L. Del Rosario. |
||
| 260 |
_aLas PiƱas City, Philippines : _bSouthville International School and Colleges, _c2007. |
||
| 300 |
_a26 pages : _bcolored illustrations ; _c28 cm. |
||
| 504 | _aIncludes bibliographical references. | ||
| 650 | _aEmotional intelligence in children. | ||
| 650 | _aAcademic achievement. | ||
| 650 | _aFourth grade (Education). | ||
| 650 |
_aEducation, Elementary _vPsychological aspects |
||
| 942 |
_2lcc _cPASS |
||
| 999 |
_c97701 _d97701 |
||